Mental deficiency the changing outlook / (Record no. 134446)

MARC details
000 -LEADER
fixed length control field 00843nam a22002657a 4500
005 - DATE AND TIME OF LATEST TRANSACTION
control field 20170124110226.0
010 ## - LIBRARY OF CONGRESS CONTROL NUMBER
LC control number A-258038
020 ## - INTERNATIONAL STANDARD BOOK NUMBER
Terms of availability 00.00
International Standard Book Number 041638160
035 ## - SYSTEM CONTROL NUMBER
System control number A-258038
037 ## - SOURCE OF ACQUISITION
Source of stock number/acquisition Cen Lib/Ret
040 ## - CATALOGING SOURCE
Original cataloging agency DPL
Language of cataloging EN
082 ## - DEWEY DECIMAL CLASSIFICATION NUMBER
Classification number 616.8
Item number MEN
245 ## - TITLE STATEMENT
Title Mental deficiency the changing outlook /
Statement of responsibility, etc edited by ANN M. Clarke;Alan D.B. Crarke [and] Joseph M. Berg
250 ## - EDITION STATEMENT
Edition statement 4th ed
260 ## - PUBLICATION, DISTRIBUTION, ETC. (IMPRINT)
Place of publication, distribution, etc London
Name of publisher, distributor, etc Methuen AND cO.
Date of publication, distribution, etc 1958
270 ## - ADDRESS
Address 11, New Fetter Lane
City London
300 ## - PHYSICAL DESCRIPTION
Extent xix,834p.
Dimensions 23cm(Hb)
500 ## - GENERAL NOTE
General note Includes bibliographical reference and index
650 ## - SUBJECT ADDED ENTRY--TOPICAL TERM
Topical term or geographic name as entry element Mental retardation
9 (RLIN) 40751
650 ## - SUBJECT ADDED ENTRY--TOPICAL TERM
Topical term or geographic name as entry element Mental efficiency
9 (RLIN) 40752
700 ## - ADDED ENTRY--PERSONAL NAME
9 (RLIN) 10555
Personal name Clarke, ANN M.
700 ## - ADDED ENTRY--PERSONAL NAME
Personal name Crarke, Alan D.B.
9 (RLIN) 40753
700 ## - ADDED ENTRY--PERSONAL NAME
Personal name Berg, Joseph M.
9 (RLIN) 40754
942 ## - ADDED ENTRY ELEMENTS (KOHA)
Source of classification or shelving scheme Dewey Decimal Classification
Koha item type English Books
Classification part 616.8
Call number suffix MEN
Holdings
Withdrawn status Lost status Damaged status Not for loan Collection code Home library Current library Date acquired Source of acquisition Cost, normal purchase price Total Checkouts Full call number Barcode Date last seen Copy number Cost, replacement price Price effective from Koha item type
      Not For Loan Reference Central Library Central Library 30/07/2015 Cen Lib/Ret 0.00   616.8 MEN A-258038 30/07/2015 1 0.00 30/07/2015 English Books

© Delhi Public Library
Hit Counter
free hit counter